| 000 | 00906nas a2200289 4500 | ||
|---|---|---|---|
| 001 | BR0905708 | ||
| 003 | BR-BrBNA | ||
| 005 | 20231205113732.0 | ||
| 007 | ta | ||
| 008 | 230509b bl.|||p| |||| 00| 00por d | ||
| 040 |
_aBR-BrBNA _bpor _cBiblioteca Nacional de Agricultura |
||
| 041 | _a(Pt) | ||
| 072 | _aK70 | ||
| 100 | 1 | _aParizotto, W. | |
| 100 | 1 | _aSoares, R.V. | |
| 100 | 1 | _aBatista, A.C. | |
| 100 | 1 | _aSousa, N.J. | |
| 245 | 1 | _aControle dos incêndios florestais pelo Corpo de Bombeiros de Santa Catarina: diagnóstico e sugestões para seu aprimoramento | |
| 650 | _aINCÊNDIO FLORESTAL | ||
| 650 | _aLEVANTAMENTO | ||
| 650 | _aDIAGNÓSTICO | ||
| 650 | _aLEGISLAÇÃO FLORESTAL | ||
| 650 | _aPROTEÇÃO FLORESTAL | ||
| 773 | 0 |
_tFloresta (Brazil) _xISSN 0015-3826 _g(Oct-Dec 2008), v. 38(4) p. 651-662 _wBR0905708 |
|
| 909 |
_a202311 _bLúcia _c55 _dLúcia Elande |
||
| 942 |
_2AGRIS _n0 _cANA |
||
| 999 |
_c205320 _d205320 |
||